LEADER 03037nam a2200529 u 4500 001 000000016731 003 CaOOAMICUS 005 20070226110027.0 008 940516s1985 it u000 u ita u 020 $a8831191640 035 $a10391100 040 $aPUL(R)$bita$dEFR 041 1 $aita$alat 100 0 $aAmbrosius,$cs., vesc. di Milano,$dc. 340-397.$0(OLS)http://pul/name/983 240 10$aDe excessu fratris sui Satyri$9(Ambrosius, s., vesc. di Milano, c. 340-397).$lItaliano e latino.$0(OLS)http://pul/title/23899 245 10$aDiscorsi e Lettere.$nI,$pLe orazioni funebri /$csant'Ambrogio ; recensuit Otto Faller ; introduzione, traduzione, note e indici di Gabriele Banterle [= Orationes funebres / recensuit Otto Faller]. 246 30$aOrazioni funebri 246 35$aOrationes funebres 246 38$aOpera omnia di sant'Ambrogio 260 $aMilano :$bBiblioteca Ambrosiana ;$aRoma :$bCittà Nuova,$c1985. 300 $a288 p. ;$c24 cm 490 1 $aSancti Ambrosii episcopi mediolanensis opera ;$v18 490 1 $aTutte le opere di sant'Ambrogio 500 $aComprende indici. 500 $aTesto latino con traduzione italiana a fronte. 504 $a"Bibliografia essenziale": p. 21-22. 650 4$aDiscorsi funebri$yEvo antico.$0(OLS)http://pul/subject/11906 700 02$aAmbrosius,$cs., vesc. di Milano,$dc. 340-397.$tDe obitu Valentiniani$9(Ambrosius, s., vesc. di Milano, c. 340-397)$lItaliano e latino.$0(OLS)http://pul/name/15182 700 1 $aBanterle, Gabriele.$0(OLS)http://pul/name/3254 700 1 $aFaller, Otto,$cS.I.,$d1889-$0(OLS)http://pul/name/5622 700 02$aAmbrosius,$cs., vesc. di Milano,$dc. 340-397.$tDe obitu Theodosii$9(Ambrosius, s., vesc., di Milano, c. 340-397)$lItaliano e latino.$0(OLS)http://pul/name/15183 800 0 $aAmbrosius,$cs., vesc. di Milano,$dc. 340-397.$tOpere$9(Ambrosius, s., vesc. di Milano, c. 340-397)$lItaliano e latino ;$v18.$0(OLS)http://pul/nameTitle/12$0(OLS)http://pul/name/2126$0(OLS)http://pul/title/2924 830 0$aTutte le opere di sant'Ambrogio.$0(OLS)http://pul/title/2923 830 0$aSancti Ambrosii episcopi mediolanensis opera ;$v18.$0(OLS)http://pul/title/2922 850 $aPUL 852 $aPUL$W1$xSL Religione 1$y3$m21 L 18$j23553$nBK-PRI$b $qStampati$B23553$CPULBib$Z2$F23553 $H $81 900 $aAmbrogio,$cs., vescovo di Milano$dc. 340-397$9983 900 $aAmbrosius,$cMediolanensis,$dc. 340-397$9983 941 1 $a8 961 $aINV: 53489 996 $6020$a8831191640$9(OLS)http://pul/number/21549 996 $6245$aDiscorsi e Lettere.$nI,$pLe orazioni funebri$9(OLS)http://pul/title/23900 996 $6246$aOrazioni funebri$9(OLS)http://pul/title/23901 996 $6246$aOrationes funebres$9(OLS)http://pul/title/23902 996 $6246$aOpera omnia di sant'Ambrogio$9(OLS)http://pul/title/2921 996 $6260$aMilano :$bBiblioteca Ambrosiana$9(OLS)http://pul/publisher/49058 996 $6260$aRoma :$bCittà Nuova$9(OLS)http://pul/publisher/47927 LEADER 01242nam a2200313 a 4500 001 000000129228 003 CaOOAMICUS 005 20120608123923.0 008 120608s2012 it ab 000 u ita r 020 $a978-88-7180-972-4 040 $aPUL$bita 082 04$a271.973 100 1 $aPasquale, Gianluigi,$cO.F.M. Cap.,$d1967-$0(OLS)http://pul/name/54223 245 10$aChiara d'Assisi, donna di luce /$cGianluigi Pasquale. 260 $aTorino :$bLindau,$c©2012. 300 $a166 p. ;$c21 cm. 490 1 $aI Pellicani 504 $aBibliografia: p. [163]-166. 600 04$aClara Assisiensis,$cs.,$d1194-1253.$0(OLS)http://pul/subject/2026 830 2$aI Pellicani (Lindau).$0(OLS)http://pul/title/136966 850 $aPUL 852 $aPUL$W1$xSL Religione 3$y85$m271. 973 PASGI 2$j149645$qDDC 21$B148165$CPULBib$Z2$F148165 $H120051 $82 941 1 $a9 960 $aChiara$cd'Assisi, s.$d1194-1253$92026 996 $6020$a978-88-7180-972-4$9(OLS)http://pul/number/149945 996 $6082$a271.973$9(OLS)http://pul/classification/2302 996 $6245$aChiara d'Assisi, donna di luce$9(OLS)http://pul/title/163311 996 $6260$aTorino :$bLindau$9(OLS)http://pul/publisher/70945 LEADER 01851namaa2200397 i 4500 001 000000178340 003 CaOOAMICUS 005 20260108084631.0 007 tu 008 260108s2025 it a 000 u ita r 020 $a978-88-928721-0-3* 040 $aPUL$bita$erda 082 0 $a220.92 245 13$aLa "querelle des femmes" :$bil Rinascimento delle donne /$cÁngela Muñoz Fernandez, Xenia von Tippelskirch, Alice Bianchi (edd.) 264 4$c©2025. 264 1$aTrapani :$bIl pozzo di Giacobbe,$c[ 2025] 300 $a317 pagine :$billustrazioni ; $c24 cm 336 $atesto$btxt$2rdacontent 337 $asenza mediazione$bn$2rdamedia 338 $avolume$bnc$2rdacarrier 490 1 $aLa Bibbia e le donne. Il medioevo e l'inizio dell'età moderna ;$v6.3 504 $aBibliografia : pagine 287-313. 630 04$aBiblia$xTemi laici.$0(OLS)http://pul/subject/36826 700 1 $aMuñoz Fernández, Angela,$d1962-,$ecuratore.$0(OLS)http://pul/name/114750 700 1 $aBianchi, Alice,$d1994-,$ecuratore.$0(OLS)http://pul/name/114752 700 1 $aTippelskirch, Xenia von,$d1971-,$ecuratore.$0(OLS)http://pul/name/114751 830 0$aBibbia e le donne$pIl medioevo e l'inizio dell'età moderna ;$v6.3.$0(OLS)http://pul/title/161608 850 $aPUL 852 $aPUL$W1$xSL Religione 3$y85$m220. 92 COLL 1.6.3$j202196$qDDC 21$B207444$CPULBib$Z2$F207444 $H138360 $82 941 1 $a9 996 $6020$a978-88-928721-0-3*$9(OLS)http://pul/number/170762 996 $6082$a220.92$9(OLS)http://pul/classification/2192 996 $6245$aLa "querelle des femmes" :$bil Rinascimento delle donne$9(OLS)http://pul/title/219911 996 $6264$aTrapani :$bIl pozzo di Giacobbe$9(OLS)http://pul/publisher/79226 996 $6264$a[S.l.] :$b[s.n.]$9(OLS)http://pul/publisher/0